000 01357nam a2200241Ia 4500
003 Ost
005 20260507075255.0
008 260507s9999||||xx |||||||||||||| ||und||
020 _a6085819957
040 _cfsecg
041 _aara
082 _a330
100 _aالشريفات، محمود عبد الرحيم
_eمؤلف
245 0 _aالتراضي في التعاقد عبر الانترنيت :
_bدراسة مقارنة /
_c محمود عبد الرحيم الشريفات
260 _aعمان:
_bدار حامد للنشر والتوزيع,
_c2005
300 _a240 صفحة؛
_bإيضاحات ؛
_c25 سم
520 _aالتعريف بشبكة الانترنيت و أهميتها ، مدى جواز التعبير عن الارادة عبر الانترنيت و المشاكل التي يثيرها هذا التعبيرو الالتزام بتقديم المعلومات السابق للتعاقد في نطاق شبكة الانترنيت ، مع الايجاب و القبول عبر الانترنيت و زمان و مكان انعقاد العقد عبر الانترنيت و اخيرا اثبات التراضي عبر الانترنيت .
653 _aالانترنيت
653 _aالتجارة الالكترونية
653 _aالتجارة الخارجية
653 _aالتعاقد
942 _cكتاب
999 _c43729
_d43729